Convergence in ergodic theory and probability (Record no. 213194)
[ view plain ]
| 000 -LEADER | |
|---|---|
| fixed length control field | 01799nam a2200409Ia 4500 |
| 082 04 - DEWEY DECIMAL CLASSIFICATION NUMBER | |
| Classification number | 515/.42 |
| 245 00 - TITLE STATEMENT | |
| Title | Convergence in ergodic theory and probability |
| 260 ## - PUBLICATION, DISTRIBUTION, ETC. (IMPRINT) | |
| Place of publication | Berlin ; |
| -- | New York : |
| Name of publisher | Walter de Gruyter, |
| Year of publication | 1996. |
| 300 ## - PHYSICAL DESCRIPTION | |
| Number of Pages | xi, 445 p. |
| 500 ## - GENERAL NOTE | |
| General note | Papers from the Conference on Convergence in Ergodic Theory and Probability, held at Ohio State University, in June, 1993. |
| 650 #0 - SUBJECT ADDED ENTRY--TOPICAL TERM | |
| Topical Term | Convergence |
| Topical Term | Inequalities (Mathematics) |
| Topical Term | Probabilities |
| Topical Term | Ergodic theory |
| 700 1# - ADDED ENTRY--PERSONAL NAME | |
| Personal name | Bergelson, V. |
| Personal name | March, P. |
| Personal name | Rosenblatt, J. |
| 856 40 - ELECTRONIC LOCATION AND ACCESS | |
| Uniform Resource Identifier | http://site.ebrary.com/lib/rucke/Doc?id=10598152 |
No items available.
